Statistiques concernant 5 plus grands pays par continent - une minute sprint

Cliquez ici pour prendre le quiz!

Statistiques générales

  • Ce quiz a été pris 121 fois
  • Le résultat moyen est 25 sur 29

Statistiques - réponses

continentpays% Correct
Europe/AsieRussie
99%
OcéanieAustralie
97%
Amérique du NordCanada
96%
EuropeFrance
96%
Amérique du SudBrésil
95%
Amérique du NordEtats-Unis
95%
AfriqueAlgérie
94%
Amérique du SudArgentine
93%
EuropeEspagne
93%
OcéanieNouvelle-Zélande
93%
EuropeUkraine
93%
AsieChine
92%
AfriqueRép dém Congo
92%
AsieInde
91%
Amérique du NordMexique
91%
Amérique du SudPérou
90%
Amérique du SudColombie
89%
Amérique du SudBolivie
88%
AfriqueSoudan
82%
AsieKazakhstan
80%
AfriqueLibye
80%
EuropeSuède
80%
AfriqueTchad
76%
OcéaniePapouasie-
Nouvelle-Guinée
74%
Amérique du NordNicaragua
73%
Amérique du NordHonduras
70%
AsieArabie Saoudite
69%
OcéanieFidji
69%
OcéanieSalomon
61%

Distribution des résultats

Percentile par nombre de réponses

% des personnes avec chaque résultat

Votre développement - résultats

Vous n’avez pas pris ce quiz